| 000 | 00649nam a22002057a 4500 | ||
|---|---|---|---|
| 999 |
_c9717 _d9717 |
||
| 003 | AR-CdUCM | ||
| 008 | 190328b ||||| |||| 00| 0 spa d | ||
| 040 |
_aMUNICIPALIDAD PROVINCIAL DEL CUSCO _cBIBLIOTECA MUNICIPAL DEL CUSCO |
||
| 082 |
_aC / 869.63 / _bR44C |
||
| 100 |
_aRestreopo Jaramillo, Jose _926113 |
||
| 245 | _a20 cuentos de Jose Restrepo Jaramillo / | ||
| 260 |
_aColombia : _c1939. |
||
| 300 |
_a219 páginas ; _c22 cm. |
||
| 500 | _aEs propiedad de Luis Nieto. | ||
| 650 |
_aLiteratura Colombiana _98673 |
||
| 650 |
_aLiteratura Narrativa _9197 |
||
| 650 |
_aLiteratura Latinoamericana _9799 |
||
| 942 |
_2ddc _cLIBROS |
||
| 945 | _artm | ||